{"text_format":"3","workbook":"xlsx","n_sheets":1,"sheets":["MATRIZ"],"read":"whole","date_system":"1900"}

{"sheet":"MATRIZ","index":0,"n_rows":98,"n_cols":29,"rows_kept":98,"merged":[[2,2,4,8],[2,9,4,20],[2,21,4,28],[5,2,12,2],[5,3,12,3],[5,4,12,4],[5,5,12,5],[5,6,12,6],[5,7,8,8],[5,9,12,9],[5,10,8,12],[5,13,8,19],[5,20,8,20],[5,21,8,23],[5,24,8,28],[9,7,12,7],[9,8,12,8],[9,10,12,10],[9,11,12,11],[9,12,12,12],[9,13,12,13],[9,14,12,14],[9,15,12,15],[9,16,12,16],[9,17,12,17],[9,18,12,18],[9,19,12,19],[9,20,12,20],[9,21,12,21],[9,22,12,22],[9,23,12,23],[9,24,12,24],[9,25,12,25],[9,26,12,26],[9,27,12,27],[9,28,12,28],[13,2,44,2],[13,3,44,3],[13,4,20,4],[13,5,20,5],[13,6,16,6],[13,7,16,7],[13,8,16,8],[13,9,16,9],[13,10,16,10],[13,11,16,11],[13,12,16,12],[13,13,16,13],[13,14,16,14],[13,15,16,15],[13,16,16,16],[13,17,16,17],[13,18,16,18],[13,19,16,19],[13,20,16,20],[13,21,16,21],[13,22,16,22],[13,23,16,23],[13,24,16,24],[13,25,16,25],[13,26,16,26],[13,27,16,27],[13,28,16,28],[17,6,20,6],[17,7,20,7],[17,8,20,8],[17,9,20,9],[17,10,20,10],[17,11,20,11],[17,12,20,12],[17,13,20,13],[17,14,20,14],[17,15,20,15],[17,16,20,16],[17,17,20,17],[17,18,20,18],[17,19,20,19],[17,20,20,20],[17,21,20,21],[17,22,20,22],[17,23,20,23],[17,24,20,24],[17,25,20,25],[17,26,20,26],[17,27,20,27],[17,28,20,28],[21,4,28,4],[21,5,28,5],[21,6,24,6],[21,7,24,7],[21,8,24,8],[21,9,24,9],[21,10,24,10],[21,11,24,11],[21,12,24,12],[21,13,24,13],[21,14,24,14],[21,15,24,15],[21,16,24,16],[21,17,24,17],[21,18,24,18],[21,19,24,19],[21,20,24,20],[21,21,24,21],[21,22,24,22],[21,23,24,23],[21,24,24,24],[21,25,24,25],[21,26,24,26],[21,27,24,27],[21,28,24,28],[25,6,28,6],[25,7,28,7],[25,8,28,8],[25,9,28,9],[25,10,28,10],[25,11,28,11],[25,12,28,12],[25,13,28,13],[25,14,28,14],[25,15,28,15],[25,16,28,16],[25,17,28,17],[25,18,28,18],[25,19,28,19],[25,20,28,20],[25,21,28,21],[25,22,28,22],[25,23,28,23],[25,24,28,24],[25,25,28,25],[25,26,28,26],[25,27,28,27],[25,28,28,28],[29,4,36,4],[29,5,36,5],[29,6,32,6],[29,7,32,7],[29,8,32,8],[29,9,32,9],[29,10,32,10],[29,11,32,11],[29,12,32,12],[29,13,32,13],[29,14,32,14],[29,15,32,15],[29,16,32,16],[29,17,32,17],[29,18,32,18],[29,19,32,19],[29,20,32,20],[29,21,32,21],[29,22,32,22],[29,23,32,23],[29,24,32,24],[29,25,32,25],[29,26,32,26],[29,27,32,27],[29,28,32,28],[33,6,36,6],[33,7,36,7],[33,8,36,8],[33,9,36,9],[33,10,36,10],[33,11,36,11],[33,12,36,12],[33,13,36,13],[33,14,36,14],[33,15,36,15],[33,16,36,16],[33,17,36,17],[33,18,36,18],[33,19,36,19],[33,20,36,20],[33,21,36,21],[33,22,36,22],[33,23,36,23],[33,24,36,24],[33,25,36,25],[33,26,36,26],[33,27,36,27],[33,28,36,28],[37,4,44,4],[37,5,44,5],[37,6,40,6],[37,7,40,7],[37,8,40,8],[37,9,40,9],[37,10,40,10],[37,11,40,11],[37,12,40,12],[37,13,40,13],[37,14,40,14],[37,15,40,15],[37,16,40,16],[37,17,40,17],[37,18,40,18],[37,19,40,19],[37,20,40,20],[37,21,40,21],[37,22,40,22],[37,23,40,23],[37,24,40,24],[37,25,40,25],[37,26,40,26],[37,27,40,27],[37,28,40,28],[41,6,44,6],[41,7,44,7],[41,8,44,8],[41,9,44,9],[41,10,44,10],[41,11,44,11],[41,12,44,12],[41,13,44,13],[41,14,44,14],[41,15,44,15],[41,16,44,16],[41,17,44,17],[41,18,44,18],[41,19,44,19],[41,20,44,20],[41,21,44,21],[41,22,44,22],[41,23,44,23],[41,24,44,24],[41,25,44,25],[41,26,44,26],[41,27,44,27],[41,28,44,28],[45,2,60,2],[45,3,60,3],[45,4,52,4],[45,5,52,5],[45,6,48,6],[45,7,48,7],[45,8,48,8],[45,9,48,9],[45,10,48,10],[45,11,48,11],[45,12,48,12],[45,13,48,13],[45,14,48,14],[45,15,48,15],[45,16,48,16],[45,17,48,17],[45,18,48,18],[45,19,48,19],[45,20,48,20],[45,21,48,21],[45,22,48,22],[45,23,48,23],[45,24,48,24],[45,25,48,25],[45,26,48,26],[45,27,48,27],[45,28,48,28],[49,6,52,6],[49,7,52,7],[49,8,52,8],[49,9,52,9],[49,10,52,10],[49,11,52,11],[49,12,52,12],[49,13,52,13],[49,14,52,14],[49,15,52,15],[49,16,52,16],[49,17,52,17],[49,18,52,18],[49,19,52,19],[49,20,52,20],[49,21,52,21],[49,22,52,22],[49,23,52,23],[49,24,52,24],[49,25,52,25],[49,26,52,26],[49,27,52,27],[49,28,52,28],[53,4,60,4],[53,5,60,5],[53,6,56,6],[53,7,56,7],[53,8,56,8],[53,9,56,9],[53,10,56,10],[53,11,56,11],[53,12,56,12],[53,13,56,13],[53,14,56,14],[53,15,56,15],[53,16,56,16],[53,17,56,17],[53,18,56,18],[53,19,56,19],[53,20,56,20],[53,21,56,21],[53,22,56,22],[53,23,56,23],[53,24,56,24],[53,25,56,25],[53,26,56,26],[53,27,56,27],[53,28,56,28],[57,6,60,6],[57,7,60,7],[57,8,60,8],[57,9,60,9],[57,10,60,10],[57,11,60,11],[57,12,60,12],[57,13,60,13],[57,14,60,14],[57,15,60,15],[57,16,60,16],[57,17,60,17],[57,18,60,18],[57,19,60,19],[57,20,60,20],[57,21,60,21],[57,22,60,22],[57,23,60,23],[57,24,60,24],[57,25,60,25],[57,26,60,26],[57,27,60,27],[57,28,60,28],[61,2,84,2],[61,3,76,3],[61,4,68,4],[61,5,68,5],[61,6,68,6],[61,7,64,7],[61,8,64,8],[61,9,64,9],[61,10,64,10],[61,11,64,11],[61,12,64,12],[61,13,64,13],[61,14,64,14],[61,15,64,15],[61,16,64,16],[61,17,64,17],[61,18,64,18],[61,19,64,19],[61,20,64,20],[61,21,64,21],[61,22,64,22],[61,23,64,23],[61,24,64,24],[61,25,64,25],[61,26,64,26],[61,27,64,27],[61,28,64,28],[65,7,68,7],[65,8,68,8],[65,9,68,9],[65,10,68,10],[65,11,68,11],[65,12,68,12],[65,13,68,13],[65,14,68,14],[65,15,68,15],[65,16,68,16],[65,17,68,17],[65,18,68,18],[65,19,68,19],[65,20,68,20],[65,21,68,21],[65,22,68,22],[65,23,68,23],[65,24,68,24],[65,25,68,25],[65,26,68,26],[65,27,68,27],[65,28,68,28],[69,4,76,4],[69,5,76,5],[69,6,76,6],[69,7,72,7],[69,8,72,8],[69,9,72,9],[69,10,72,10],[69,11,72,11],[69,12,72,12],[69,13,72,13],[69,14,72,14],[69,15,72,15],[69,16,72,16],[69,17,72,17],[69,18,72,18],[69,19,72,19],[69,20,72,20],[69,21,72,21],[69,22,72,22],[69,23,72,23],[69,24,72,24],[69,25,72,25],[69,26,72,26],[69,27,72,27],[69,28,72,28],[73,7,76,7],[73,8,76,8],[73,9,76,9],[73,10,76,10],[73,11,76,11],[73,12,76,12],[73,13,76,13],[73,14,76,14],[73,15,76,15],[73,16,76,16],[73,17,76,17],[73,18,76,18],[73,19,76,19],[73,20,76,20],[73,21,76,21],[73,22,76,22],[73,23,76,23],[73,24,76,24],[73,25,76,25],[73,26,76,26],[73,27,76,27],[73,28,76,28],[77,3,84,3],[77,4,84,4],[77,5,84,5],[77,6,84,6],[77,7,80,7],[77,8,80,8],[77,9,80,9],[77,10,80,10],[77,11,80,11],[77,12,80,12],[77,13,80,13],[77,14,80,14],[77,15,80,15],[77,16,80,16],[77,17,80,17],[77,18,80,18],[77,19,80,19],[77,20,80,20],[77,21,80,21],[77,22,80,22],[77,23,80,23],[77,24,80,24],[77,25,80,25],[77,26,80,26],[77,27,80,27],[77,28,80,28],[81,7,84,7],[81,8,84,8],[81,9,84,9],[81,10,84,10],[81,11,84,11],[81,12,84,12],[81,13,84,13],[81,14,84,14],[81,15,84,15],[81,16,84,16],[81,17,84,17],[81,18,84,18],[81,19,84,19],[81,20,84,20],[81,21,84,21],[81,22,84,22],[81,23,84,23],[81,24,84,24],[81,25,84,25],[81,26,84,26],[81,27,84,27],[81,28,84,28],[85,2,100,2],[85,3,100,3],[85,4,100,4],[85,5,92,5],[85,6,88,6],[85,7,88,7],[85,8,88,8],[85,9,88,9],[85,10,88,10],[85,11,88,11],[85,12,88,12],[85,13,88,13],[85,14,88,14],[85,15,88,15],[85,16,88,16],[85,17,88,17],[85,18,88,18],[85,19,88,19],[85,20,88,20],[85,21,88,21],[85,22,88,22],[85,23,88,23],[85,24,88,24],[85,25,88,25],[85,26,88,26],[85,27,88,27],[85,28,88,28],[89,6,92,6],[89,7,92,7],[89,8,92,8],[89,9,92,9],[89,10,92,10],[89,11,92,11],[89,12,92,12],[89,13,92,13],[89,14,92,14],[89,15,92,15],[89,16,92,16],[89,17,92,17],[89,18,92,18],[89,19,92,19],[89,20,92,20],[89,21,92,21],[89,22,92,22],[89,23,92,23],[89,24,92,24],[89,25,92,25],[89,26,92,26],[89,27,92,27],[89,28,92,28],[93,5,100,5],[93,6,96,6],[93,7,96,7],[93,8,96,8],[93,9,96,9],[93,10,96,10],[93,11,96,11],[93,12,96,12],[93,13,96,13],[93,14,96,14],[93,15,96,15],[93,16,96,16],[93,17,96,17],[93,18,96,18],[93,19,96,19],[93,20,96,20],[93,21,96,21],[93,22,96,22],[93,23,96,23],[93,24,96,24],[93,25,96,25],[93,26,96,26],[93,27,96,27],[93,28,96,28],[97,6,100,6],[97,7,100,7],[97,8,100,8],[97,9,100,9],[97,10,100,10],[97,11,100,11],[97,12,100,12],[97,13,100,13],[97,14,100,14],[97,15,100,15],[97,16,100,16],[97,17,100,17],[97,18,100,18],[97,19,100,19],[97,20,100,20],[97,21,100,21],[97,22,100,22],[97,23,100,23],[97,24,100,24],[97,25,100,25],[97,26,100,26],[97,27,100,27],[97,28,100,28]]}
[]
[]
[{"$nulls":9},"MATRIZ DE RIESGOS ",{"$nulls":11},"VERSION 1"]
[]
[]
[null,null,"PROCESO","ZONA /LUGAR","ACTIVIDADES","TAREAS","RUTINARIAS (SI O NO)","PELIGRO",null,"EFECTOS POSIBLE","CONTROLES EXISTENTES",null,null,"EVALUACION DEL RIESGO",{"$nulls":6},"VALORACION DEL RIESGO","CRITERIOS PARA ESTABLECER CONTROLES",null,null,"MEDIDAS DE INTERVENCION"]
[]
[]
[]
[{"$nulls":7},"DESCRIPCION","CLASIFICACION",null,"FUENTE ","MEDIO","INDIVIDUO","NIVEL DE DEFICIENCIA","NIVEL DE EXPOSICION","NIVEL DE PROBABILIDAD (ND X NE)","INTERPRETACION DEL NIVEL DE PROBABILIDAD","NIVEL DE CONSECUENCIA","NIVEL DEL RIESGO (NR) E INTERPRETACION","INTERPRETACION DEL NR","ACEPTABILIDAD DEL RIESGO","N° DE EXPUSTOS","PEOR CONSECUENCIA","EXISTENCIA REQUISITO LEGAL ESPECIFICO ASOCIADO (SI O NO)","ELIMINACION","SUSTITUCION","CONTROLES DE INGENIERIA","CONTROLES ADMINISTRATIVOS,SEÑALIZACION,ADVERTENCIA","EQUIPOS/ ELEMENTOS DE PROTECCION PERSONAL"]
[]
[]
[]
[null,null,"ADMINISTRACION","OFICINA DE COORDINACION","ACTUALIZACION DE DATOS","DIGITAR","SI","CONDICIONES DE LA TAREA(CARGA MENTAL","PSICOSOCIAL","ESTRÉS","NINGUNO","NINGUNO","PAUSAS ACTIVAS",6,4,24,"MUY ALTO",25,600,"I","NO",2,"AUSENTISMO DE TRABAJO","NO",null,null,"AJUSTE ANTROPOMETRICO DEL PUESTO DE TRABAJO","REDUCCION DEL TIEMPO DE EXPOSICION ASEGURAR LA REALIZACION DE PAUSAS ACTIVAS FOMENTAR EL AUTOCUIDADO"]
[]
[]
[]
[{"$nulls":6},"SI","POSTURA (PROLONGADA","BIOMECANICO","LUMBAGIAS CERVICALGIAS","NINGUNO","SILLAS AJUSTABLES","PAUSAS ACTIVAS",2,4,8,"MEDIO",25,200,"II","NO",2,"LUMBAGIA  CRONICA CON INCAPACIDAD PERMANENTE PARCIAL","NO",null,null,"AJUSTE ANTROPOMETRICO DEL PUESTO DE TRABAJO","REDUCCION DEL TIEMPO DE EXPOSICION ASEGURAR LA REALIZACION DE PAUSAS ACTIVAS FOMENTAR EL AUTOCUIDADO"]
[]
[]
[]
[{"$nulls":4},"REVISION DE PAPELERIA","ORGANIZAR","SI","POLVOS  ORGANICOS INORGANICOS","QUIMICO","INALACION DE POLVO","NINGUNO","NINGUNO","NINGUNO",2,1,3,"BAJO",10,30,"IV","NO",2,"ENFERMEDADES RESPIRATORIAS","NO",null,null,"NINGUNO","UTILIZAR ELEMENTOS DE PROTECCION","TAPABOCAS"]
[]
[]
[]
[{"$nulls":6},"SI","MOVIMIENTO REPETITIVO","BIOMECANICO","CANSANCIO","NINGUNO","NINGUNO","PAUSAS ACTIVAS",2,2,4,"BAJO",10,40,"III","NO",2,"AUSENTISMO DE TRABAJO","NO",null,null,"NINGUNO","REDUCCION DEL TIEMPO DE EXPOSICION ASEGURAR LA REALIZACION DE PAUSAS ACTIVAS FOMENTAR EL AUTOCUIDADO"]
[]
[]
[]
[{"$nulls":4},"ATENDER PERSONAL","DAR INFORMACION","SI","PUBLICOS(ROBOS,ATRACOS,ASALTOS, ATENTADOS DE ORDEN PUBLICO.)","CONDICIONES DE SEGURIDAD","TRAUMATISMOS","CAMARAS DE SEGURIDAD","NINGUNO","NINGUNO",2,2,4,"BAJO",10,40,"III","NO",2,"PROBLEMAS PSICOLOGICOS","NO",null,null,"NINGUNO","VIGILANCIA"]
[]
[]
[]
[{"$nulls":6},"SI","VIRUS","BIOLOGICO","CONTAGIO ","NINGUNO","NINGUNO","NINGUNO",2,3,6,"MEDIO",25,150,"II","NO",2,"ENFERMEDADES CONTAGIOSAS","NO",null,null,"NINGUNO","RECOMENDACIONES","TAPABOCAS"]
[]
[]
[]
[{"$nulls":4},"REVISION DE PRODUCTOS","DIGITAR","SI","POSTURA (PROLONGADA,MANTENIDA,FORZADA,ANTIGRAVITACIONAL","BIOMECANICO","LUMBAGIAS CERVICALGIAS","NINGUNO","NINGUNO","NINGUNO",2,3,6,"MEDIO",25,150,"II","NO",2,"LUMBAGIA  CRONICA CON INCAPACIDAD PERMANENTE PARCIAL","NO",{"$nulls":3},"REDUCCION DEL TIEMPO DE EXPOSICION ASEGURAR LA REALIZACION DE PAUSAS ACTIVAS FOMENTAR EL AUTOCUIDADO"]
[]
[]
[]
[{"$nulls":6},"SI","MOVIMIENTO REPETITIVO","BIOMECANICO","TENDINITIS","NINGUNO","NINGUNO","NINGUNO",2,4,8,"MEDIO",25,200,"II","NO",2,"TUNEL CARPIANO","NO",{"$nulls":3},"PAUSAS ACTIVAS"]
[]
[]
[]
[null,null,"AREA DE PRODUCCION","OFICINA DE  ACTIVACION","INGRESO DE DATOS AL SISTEMA","DIGITAR","SI","MOVIMIENTOS REPETITIVOS MIEMBROS SUPERIORES","BOMECANICO","TENDINITIS","NINGUNO","NINGUNO","PAUSAS ACTIVAS",10,4,40,"MUY ALTO",60,2400,"I","NO",2,"PERDIDA DE CAPACIDAD LABORAL","NO",null,null,"AJUSTE ANTROPOMETRICO DEL PUESTO DE TRABAJO","REDUCCION DEL TIEMPO DE EXPOSICION ASEGURAR LA REALIZACION DE PAUSAS ACTIVAS FOMENTAR EL AUTOCUIDADO"]
[]
[]
[]
[{"$nulls":6},"SI","PUBLICOS(ROBOS,ATRACOS,ASALTOS, ATENTADOS DE ORDEN PUBLICO.)","CONDICIONES DE SEGURIDAD","EFECTOS TRAUMATICOS","CAMARAS DE SEGURIDAD","NINGUNO","NINGUNO",2,2,4,"BAJO",10,40,"III","NO",2,"PROBLEMAS PSICOLOGICOS","NO",{"$nulls":3},"VIGILANCIA"]
[]
[]
[]
[{"$nulls":4},"AUXILIAR ","ARREGLO DE CONTRATOS","SI","CONDICIONES DE LA TAREA(CARGA MENTAL,CONTENIDO DE LA TAREA, DEMANDAS EMOCIONALES,SISTEMAS DE CONTROL,DEFINICION DE ROLES,MONOTONIA ETC.)","PSICOSOCIAL","ESTRÉS","NINGUNO","NINGUNO","PAUSAS ACTIVAS",6,3,18,"ALTO",25,450,"II","NO",2,"PERDIDA DE CAPACIDAD LABORAL","NO",{"$nulls":3},"REDUCCION DEL TIEMPO DE EXPOSICION ASEGURAR LA REALIZACION DE PAUSAS ACTIVAS FOMENTAR EL AUTOCUIDADO"]
[]
[]
[]
[{"$nulls":6},"SI","POLVOS  ORGANICOS INORGANICOS","QUIMICO","INALACION DE POLVO","NINGUNO","NINGUNO","NINGUNO",2,1,3,"BAJO",10,30,"IV","NO",2,"ENFERMEDADES RESPIRATORIAS","NO",{"$nulls":3},"UTILIZAR ELEMENTOS DE PROTECCION","TAPABOCAS"]
[]
[]
[]
[null,null,"AREA DE PRODUCCION","OFICINA DE CAJA","BODEGA","ORGANIZAR EQUIPOS",null,"POSTURA (PROLONGADA,MANTENIDA,FORZADA,ANTIGRAVITACIONAL","BIOMECANICO","LUMBAGIAS CERVICALGIAS","NINGUNO","NINGUNO","NINGUNO",2,3,6,"MEDIO",25,150,"II","NO",2,"LUMBAGIA  CRONICA CON INCAPACIDAD PERMANENTE PARCIAL",{"$nulls":4},"REDUCCION DEL TIEMPO DE EXPOSICION,DISTRIBUCION DE TAREAS"]
[]
[]
[]
[{"$nulls":7},"MANIPULACION MANUAL DE CARGAS","BIOMECANICO","DOLORES LUMBALES","NINGUNO","NINGUNO","NINGUNO",2,3,6,"MEDIO",25,150,"II","NO",1,"LUMBAGIA  CRONICA CON INCAPACIDAD PERMANENTE PARCIAL","NO",{"$nulls":3},"POSTURA ERGONOMICA ADECUADA"]
[]
[]
[]
[{"$nulls":4},"FACTURAR","DIGITAR",null,"MOVIMIENTO REPETITIVO","BIOMECANICO","TENDINITIS","NINGUNO","NINGUNO","PAUSAS ACTIVAS",2,4,8,"MEDIO",25,200,"II","NO",1,"AUSENTISMO DE TRABAJO","NO",{"$nulls":3},"REDUCCION DEL TIEMPO DE EXPOSICION ASEGURAR LA REALIZACION DE PAUSAS ACTIVAS FOMENTAR EL AUTOCUIDADO"]
[]
[]
[]
[{"$nulls":7},"CONDICIONES DE LA TAREA(CARGA MENTAL,CONTENIDO DE LA TAREA, DEMANDAS EMOCIONALES,SISTEMAS DE CONTROL,DEFINICION DE ROLES,MONOTONIA ETC.)","BIOMECANICO","TENDINITIS","NINGUNO","NINGUNO","PAUSAS ACTIVAS",6,4,24,"MUY ALTO",25,600,"I","NO",2,"TUNEL CARPIANO","NO",{"$nulls":3},"REDUCCION DEL TIEMPO DE EXPOSICION ASEGURAR LA REALIZACION DE PAUSAS ACTIVAS FOMENTAR EL AUTOCUIDADO"]
[]
[]
[]
[{"$nulls":3},"AREA DE MENSAJERIA","MENSAJERO","BUSCA DE EQUIPOS CPS","SI","ACCIDENTES DE TRANSITO","CONDICIONES DE SEGURIDAD","LESIONES","NINGUNO","NINGUNO","NINGUNO",10,4,40,"MUY ALTO",60,2400,"I","NO",1,"ACCIDENTES OCASIONANDO LA MUERTE","NO",{"$nulls":3},"MANEJOS DE CONDUCCION"]
[]
[]
[]
[{"$nulls":7},"PUBLICOS(ROBOS,ATRACOS,ASALTOS, ATENTADOS DE ORDEN PUBLICO.)","CONDICIONES DE SEGURIDAD","MUERTE","NINGUNO","NINGUNO","NINGUNO",6,4,24,"MUY ALTO",25,600,"I","NO",1,"LESIONES CON ARMA CORTOPULSANTES","NO",{"$nulls":3},"MANEJOS DE SEGURIDAD"]
[]
[]
[]
[null,null,"AREA DE VENTAS","VENTAS","SERVICIO AL CLIENTE","DILIGENCIAMIENTO DE CONTRATOS","SI","POSTURA (PROLONGADA,MANTENIDA,FORZADA,ANTIGRAVITACIONAL","BIOMECANICO","MOVIMIENTOS REPETITIVOS DE LOS MIEMBROS SUPERIORES","NINGUNO","NINGUNO","PAUSAS ACTIVAS",2,3,6,"MEDIO",10,60,"II","NO",4,"AUSENTISMO DE TRABAJO",{"$nulls":4},"PAUSAS ACTIVAS"]
[]
[]
[]
[{"$nulls":6},"SI","BACTERIA","BIOLOGICO","ENFERMEDADES PRODUCIDAS POR EL CONTACTO DEL PAPEL","NINGUNO","NINGUNO","NINGUNO",2,2,4,"BAJO",10,40,"III","NO",4,"AUSENTISMO DE TRABAJO",{"$nulls":4},"UTILIZAR ELEMENTOS DE PROTECCION","CREMAS LIQUIDAS"]
[]
[]
[]
[{"$nulls":5},"ASESORIA DE EQUIPOS","SI","VIRUS","BIOLOGICO","CONTAGIO ","NINGUNO","NINGUNO","NINGUNO",6,3,18,"ALTO",25,450,"II","NO",4,"EPIDEMIAS",{"$nulls":4},"UTILIZAR ELEMENTOS DE PROTECCION","TAPABOCAS"]
[]
[]
[]
[{"$nulls":6},"SI","PUBLICOS(ROBOS,ATRACOS,ASALTOS, ATENTADOS DE ORDEN PUBLICO.)","CONDICIONES DE SEGURIDAD","TRAUMATISMOS","NINGUNO","NINGUNO","NINGUNO",6,4,24,"MUY ALTO",60,1440,"I","NO",4,"PROBLEMAS PSICOLOGICOS",{"$nulls":4},"CAMARAS DE SEGURIDAD"]